000 00538nam a22002057a 4500
001 28
003 KOHA_MİRAKIL
005 20230712105321.0
008 230712b tu ||||| |||| 00| 0 tur d
020 _a975-464-167-6
040 _aTR-AnANB
_btur
_cTR-AnANB
090 _aSözleşmeler-29
100 _aBaş, Mustafa.
245 0 _aTeknik Bilgi (Know-How) Lisans Sözleşmesi /
_cMustafa Baş.
250 _a1.Basım
260 _aAnkara:
_bYetkin Yayınevi,
_c2000.
300 _a164 Sayfa
650 _aSözleşmeler
942 _2ddc
_cBK
999 _c28
_d28